00548 2200193 4500001002100000005001700021008004100038020001800079035002400097082001000121090001700131100002200148245005400170250001100224260004400235300002000279650003300299990002200332YOGYA-0712000000027120120723190152.0 ind  a979-8361-46-6 0010-071200000000271 a248.4 a248.4bLuk J aLUKAS EKO SANTOSO aJatuh cinta !!! siapa takut !!!cLukas Eko Sukoco aCet.2. aYogyakartabTaman Pustaka Kristenc2011 a102 hlm.b19 cm aKehidupan beragama (kristen) aCB-D.11 2011-2196